Countries with Most Kids Per Family on Average - Statistics

General Stats
  • This quiz has been taken 5 times
  • The average score is 12 of 20
Answer Stats
Kids Per Family Answer % Correct
5.99 Democratic Republic of the Congo
100%
6.6 Niger
100%
4.99 Nigeria
100%
5.98 Somalia
100%
5.74 Central African Republic
75%
6.03 Chad
75%
4.4 Mozambique
75%
4.25 Sudan
75%
4.29 Afghanistan
50%
4.47 Burkina Faso
50%
4.78 Burundi
50%
4.23 Cameroon
50%
4.41 Gambia
50%
5.71 Mali
50%
4.19 Mauritania
50%
4.51 Tanzania
50%
5.04 Angola
25%
4.74 Benin
25%
4.23 Ivory Coast
25%
4.24 Uganda
25%
No matching quizzes found
Score Distribution
Percent of People with Each Score
Percentile by Number Answered
Your Score History
You have not taken this quiz